The First NBA Player to Do It - Statistics

General Stats
  • This quiz has been taken 20 times
  • The average score is 8 of 20
Answer Stats
The First NBA Player to Year Answer % Correct
Score 100 points in a game 1962 Wilt Chamberlain
95%
Win NBA Finals MVP 1969 Jerry West
89%
Score 40 points in an NBA game as a teenager 2004 LeBron James
74%
Average a triple-double for a season 1962 Oscar Robertson
68%
Win NBA MVP unanimously 2016 Stephen Curry
68%
Lead the league in blocks at age 20 2024 Victor Wembanyama
63%
Record a 60-point triple-double 2018 James Harden
53%
Record a 20-20-20 stat line in an NBA game 2019 Russell Westbrook
53%
Win the NBA MVP 1956 Bob Pettit
42%
Have their debut jersey sell for $1,000,000 2026 Cooper Flagg
42%
Record a 5×5 game 1973 Julius Erving
37%
Be drafted #1 overall as a international player 2002 Yao Ming
37%
Record a quadruple-double 1974 Nate Thurmond
21%
Score 50+ points in the All-Star game 2017 Anthony Davis
16%
Win NBA Defensive Player of the Year 1983 Sidney Moncrief
11%
Make a 3-point shot in NBA history 1979 Chris Ford
5%
Win the NBA Slam Dunk Contest 1984 Larry Nance
5%
Play in an NBA game as a teenager 2005 Andrew Bynum
0%
Be drafted #1 overall in the NBA Draft 1947 Clifton McNeely
0%
Record a triple-double as a teenager 2018 Markelle Fultz
0%
No matching quizzes found
Score Distribution
Percent of People with Each Score
Percentile by Number Answered
Your Score History
You have not taken this quiz